000 00632nam a2200217Ia 4500
005 20250508165804.0
008 008 250505s9999 xx 000 0 eng d
020 _a978-1-4739-5952-1
037 _aReference
040 _aFEDL
_beng
_cFEDL
041 _aeng
_2eng
084 _a615.851 6, BRA/RR
_qFEDL
100 _aBrandell Jerrold R
_935916
245 0 _aOf mice and metaphors: Therapeutic storytelling with children
250 _a2
260 _aThousand Oaks, Calfornia
_bSage
_c2017
300 _axii, 164p.
365 _aUSD
_b42
942 _cREF
_h615.851 6, BRA/RR
999 _c1397470
_d1397470